000 00429nam a2200169Ia 4500
008 240729s9999 xx 000 0 und d
022 _a2708-3764
245 0 _aGenetic Resources
260 _aItaly
260 _bBioversity International
650 _a Biology (General)
650 _a Genetics
650 _aScience
856 _uhttps://doaj.org/toc/de20586f5a0242ad9d0b0c273e682697
942 _2ddc
942 _cDOAJEJ
999 _c65613
_d65613
945 _a1
_bMadushi Gamage
_c1
_dMadushi Gamage